Seven essays.

Bibliographic Details
Main Author: Sampson, George, 1873-1950
Format: Book
Language:English
Published: Cambridge [England] : Univ. Press, 1947.

MARC

Tag First Indicator Second Indicator Subfields
LEADER 00000cam a2200000 4500
001 in00000692721
005 20151016053251.0
008 751105s1947 enk 00000 eng
010 |a  47026648  
035 |a (OCoLC)01810230 
035 |9 ADC0046AM 
040 |a DLC  |c IXA  |d TXA  |d UtOrBLW 
049 |a TXAM  |c [151239] 
050 0 0 |a PR6037.A519  |b S4 
082 1 |a 824.91 
092 |a 824  |b S192s 
100 1 |a Sampson, George,  |d 1873-1950. 
245 1 0 |a Seven essays. 
264 1 |a Cambridge [England] :  |b Univ. Press,  |c 1947. 
300 |a vii, 231 pages ;  |c 21 cm. 
336 |a text  |b txt  |2 rdacontent 
337 |a unmediated  |b n  |2 rdamedia 
338 |a volume  |b nc  |2 rdacarrier 
505 0 |a A boy and his books.--On playing the sedulous ape.--Truth and beauty.--Bach and Shakespeare.--The operas of Mozart.--Henry Irving.--The century of divine songs. 
999 |a MARS 
999 f f |s 6046a21f-fe4e-3050-9470-b69acbdc098d  |i 35cff332-7816-37f1-b399-58ff40903404  |t 0 
952 f f |p ric  |a Texas A&M University  |b Rellis Campus  |c Joint Library Facility  |d Remote Storage  |t 0  |e PR6037.A519 S4  |h Library of Congress classification  |i unmediated -- volume  |m A14801339996 
998 f f |a PR6037.A519 S4  |t 0  |l Remote Storage